000 01365cam a2200349 a 4500
999 _c532433
_d532433
001 12132681
003 NUST
005 20191120142106.0
008 010228s2000 ag a 000 0 spa d
010 _a 00400203
020 _a9879792009
035 _a(OCoLC)ocm45179294
038 _awaseem
040 _aCUY
_cCUY
_dDLC
041 0 _aspaeng
042 _alccopycat
043 _as-ag---
050 0 0 _aML1717
_b.T43 2000
082 0 0 _a780
_bDEL
245 0 0 _aTeatro Colón :
_ba telón abierto = in full view.
260 _aBuenos Aires :
_bJulio Moyano Communicaciones,
_cc2000.
300 _a453 p. :
_bill. (some col.) ;
_c29 x 36 cm. +
_e1 CD-ROM (4 3/4 in.) + 1 booklet (24 p. : col. ill. ; 28 cm.)
500 _aIssued in a case.
538 _aSystem requirements for accompanying CD-ROM: PC Pentium 133; 16 MB RAM (32 recommended); 640 x 480 resolution (16 bits or higher); Windows 95 or higher; QuickTime 3.0; CD-ROM drive.
546 _aSpanish and English.
610 2 0 _aTeatro Colón (Buenos Aires, Argentina)
_925946
650 0 _aOpera
_zArgentina
_zBuenos Aires
_y20th century.
_925947
650 0 _aBallet
_zArgentina
_zBuenos Aires
_xHistory
_y20th century.
_925948
906 _a7
_bcbc
_ccopycat
_d2
_encip
_f20
_gy-gencatlg
942 _2ddc
_cBK